000 00211 a2200109 4500
020 _a9781555704520
041 _aeng
100 _aMichael Elisenberg
245 _aLearning to Learn
942 _cBK
952 _71
999 _c23237
_d23237